000 00450nam a2200169Ia 4500
008 090711s9999 xx 000 0 und d
082 _b1105
100 _aनाईक वा. गो.
245 _aराम - रहीम
260 _c1954
300 _a32
600 _aनाईक वा. गो.
630 _aराम - रहीम
700 _aनाईक वा. गो.
730 _aराम - रहीम
942 _cBOOK
999 _c321747
_d321747